| 000 | 00460nam a2200181Ia 4500 | ||
|---|---|---|---|
| 001 | 16390 | ||
| 005 | 20260306170306.0 | ||
| 008 | 260306t2004||||xx |||||||||||||| ||und|| | ||
| 041 | _aESP | ||
| 082 |
_a348.55 _bM81 |
||
| 100 |
_aMoles Plaza, Ramón J. _eAUT |
||
| 245 | 0 |
_aDerecho y control en Internet : _bla regularidad de internet |
|
| 260 | _c2004 | ||
| 300 |
_a164 páginas : _c22 cm. |
||
| 650 | _aGEN | ||
| 654 | _aCDE | ||
| 942 |
_cLIB _dJUS _fJUS _2ddc _n |
||
| 999 |
_c16390 _d16390 |
||